Obras completas
Uloženo v:
| Hlavní autor: | |
|---|---|
| Médium: | Kniha |
| Jazyk: | španělština |
| Vydáno: |
Barcelona
José Janes
1952
|
| Edice: | <Los >Clásicos del Siglo XX
|
| Témata: | |
| Tagy: |
Přidat tag
Žádné tagy, Buďte první, kdo vytvoří štítek k tomuto záznamu!
|
MARC
| LEADER | 00000cam a2200000 a 4500 | ||
|---|---|---|---|
| 001 | UCR6149 | ||
| 003 | CL-VaPUC | ||
| 008 | 980420e19520000SP |||||||||||||||||spa|d | ||
| 082 | 0 | 4 | |a 848 |b MAU |2 21 |
| 100 | |a Maurois, André |e autor |9 342508 | ||
| 245 | 1 | 0 | |a Obras completas |
| 300 | |a v | ||
| 942 | |c BK | ||
| 945 | |d 19980420 00:00:00 |a rbrito | ||
| 260 | |a Barcelona |b José Janes |c 1952 | ||
| 500 | |a v.4: Memorias y ensayos | ||
| 500 | |a v.5: Ensayos | ||
| 650 | 0 | |a Ensayos franceses |9 265511 | |
| 650 | 0 | |a Novela francesa |9 264985 | |
| 650 | 0 | |a Biografías |9 255210 | |
| 583 | |a last modification |c 20180518 10:14:47 |k Rodrigo Vera | ||
| 490 | 0 | |a <Los >Clásicos del Siglo XX | |
| 999 | |c 268452 |d 268450 | ||
| 952 | |0 0 |1 0 |4 0 |6 848_000000000000000_MAU_1952 |7 0 |8 A |9 301611 |a BIBEDU |b BIBEDU |d 2019-11-20 |h v.4 |i 341972K |o 848 MAU 1952 |p 341972K |r 2019-11-20 |w 2019-11-20 |y BK |k LIT | ||
| 952 | |0 0 |1 0 |3 erd |4 0 |6 848_000000000000000_MAU_1952 |7 0 |8 A |9 301612 |a BIBEDU |b BIBEDU |h v.5 |i 5470579 |o 848 MAU 1952 |p 5470579 |r 2019-11-20 |w 2019-11-20 |y BK |z Catalogado en:20180527 |k FIL | ||